[Event "Gibraltar Masters"]
[Site "Caleta ENG"]
[Date "2011.02.01"]
[Round "8.79"]
[White "Osuna Vega, Enrique"]
[Black "Khachatourian, Yerazik"]
[Result "1-0"]
[WhiteTitle "CM"]
[WhiteElo "2140"]
[BlackElo "1996"]
[WhiteFideId "2219549"]
[BlackFideId "12501948"]
[EventDate "2011.01.25"]
[EventType "swiss"]

1. d4 Nf6 2. c4 g6 3. Nc3 Bg7 4. e4 d6 5. Bg5 O-O 6. Qd2 c5 7. d5 Qa5 8. Bd3 Na6
9. Bh6 Bxh6 10. Qxh6 Nb4 11. Qd2 Nxd3+ 12. Qxd3 a6 13. f4 b5 14. Nf3 bxc4 15.
Qd2 Rb8 16. O-O Qb4 17. Rab1 Bg4 18. Qe1 Bxf3 19. Rxf3 Qb7 20. Qh4 Kg7 21. Rh3
h5 22. Rg3 e6 23. Qg5 h4 24. e5 Nh7 25. Qxh4 dxe5 26. Rh3 Rh8 27. Qh6+ Kg8 28.
Ne4 f5 29. Qxg6+ Qg7 30. Qxe6+ Qf7 31. Rg3+ Kf8 32. Qd6+ Qe7 33. Qxb8+ Qe8 34.
Qd6+ Qe7 35. Qh6+ Ke8 36. Rg7 Qf8 37. Qe6+ 1-0

[Event "Gibraltar Masters"]
[Site "Caleta ENG"]
[Date "2011.02.01"]
[Round "8.80"]
[White "Lipecki, Alexander"]
[Black "Phillips, Owen S"]
[Result "1-0"]
[WhiteElo "2126"]
[BlackElo "1992"]
[WhiteFideId "1303511"]
[BlackFideId "417882"]
[EventDate "2011.01.25"]
[EventType "swiss"]

1. e4 e6 2. d4 d5 3. Nd2 dxe4 4. Nxe4 Nf6 5. Ng3 c5 6. Nf3 cxd4 7. Qxd4 Qxd4 8.
Nxd4 Bc5 9. Nb5 Na6 10. Bg5 Bd7 11. Bxf6 gxf6 12. Ne4 Ke7 13. Nbc3 Bb4 14. Bxa6
bxa6 15. a3 Ba5 16. O-O-O f5 17. Nd6 Bc6 18. Rhe1 Kf6 19. g3 Rhd8 20. Re3 Rd7
21. Red3 Rad8 22. b4 Bb6 23. f4 Ke7 24. Nc4 Rxd3 25. cxd3 Bd4 26. Kd2 f6 27. Ne2
Bf3 28. Nxd4 Rxd4 29. Rc1 Be4 30. Nb2 Rd7 31. Ke3 Bd5 32. Rc8 e5 33. Na4 exf4+
34. Kxf4 Bb7 35. Rh8 Rxd3 36. Rxh7+ Kf8 37. Rxb7 Rxa3 38. Nc5 a5 39. h4 axb4 40.
h5 a5 41. h6 Kg8 42. Kxf5 Rxg3 43. Ne4 1-0

[Event "Gibraltar Masters"]
[Site "Caleta ENG"]
[Date "2011.02.01"]
[Round "8.82"]
[White "Dasaolu, Adeoye"]
[Black "Perez Reisler, Jose"]
[Result "1-0"]
[WhiteElo "2107"]
[BlackElo "1893"]
[WhiteFideId "416061"]
[BlackFideId "3100820"]
[EventDate "2011.01.25"]
[EventType "swiss"]

1. d4 Nf6 2. g3 d5 3. Bg2 g6 4. c4 c6 5. Nc3 Bg7 6. Nf3 O-O 7. O-O Ne4 8. Qb3 e6
9. Bf4 h6 10. Rfd1 g5 11. Be5 f6 12. Bxb8 Rxb8 13. e3 Kh8 14. Nxe4 dxe4 15. Nd2
f5 16. c5 Qe7 17. Nc4 e5 18. Nxe5 Bxe5 19. dxe5 Qxe5 20. Rd6 Kg7 21. Qa3 a6 22.
Rad1 Be6 23. Qa5 Rf7 24. b3 Bd5 25. Qb6 Rbf8 26. R1xd5 cxd5 27. Rg6+ Kh8 28.
Rxh6+ Kg8 29. Qg6+ Rg7 30. Qh5 Rgf7 31. Qxg5+ Rg7 32. Qh5 Rgf7 33. Bf1 Rc7 34.
Qg6+ Rg7 35. Qd6 Re8 36. h4 f4 37. Qxe5 Rxe5 38. exf4 Rf5 39. Kh2 d4 40. Rd6 d3
41. b4 Kf8 42. Bh3 Rff7 43. Be6 Rc7 44. f5 Rge7 45. g4 Ke8 46. Kg2 Rc6 47. Rd4
b6 48. Rxe4 bxc5 49. bxc5 Rxc5 50. Rd4 Rc3 51. g5 Rb7 52. f6 1-0

[Event "Gibraltar Masters"]
[Site "Caleta ENG"]
[Date "2011.02.01"]
[Round "8.83"]
[White "Suez-Panama, Gilles"]
[Black "Valhondo Morales, Ruben"]
[Result "1/2-1/2"]
[WhiteElo "2096"]
[BlackElo "1948"]
[WhiteFideId "620165"]
[BlackFideId "22202692"]
[EventDate "2011.01.25"]
[EventType "swiss"]

1. d4 Nf6 2. Nf3 g6 3. c4 Bg7 4. Nc3 O-O 5. g3 d6 6. Bg2 Nbd7 7. O-O e5 8. h3
Re8 9. Be3 c6 10. Rc1 Qe7 11. b4 exd4 12. Nxd4 Ne5 13. Qb3 a6 14. Na4 Nfd7 15.
Rfd1 h5 16. Nc2 b5 17. Nb2 Rb8 18. f4 Nxc4 19. Nxc4 bxc4 20. Qxc4 Nb6 21. Qxc6
Bb7 22. Qxd6 Qxd6 23. Rxd6 Nc4 24. Rd3 Bxg2 25. Kxg2 Rbc8 26. Rf1 Nb2 27. Rd2
Nc4 28. Rd3 Nb2 29. Rd2 Nc4 30. Rd3 Nb2 1/2-1/2

[Event "Gibraltar Masters"]
[Site "Caleta ENG"]
[Date "2011.02.01"]
[Round "8.85"]
[White "Lee, Kai Jie Edward"]
[Black "Bous, Florian"]
[Result "1/2-1/2"]
[WhiteElo "1833"]
[BlackElo "2088"]
[WhiteFideId "5802920"]
[BlackFideId "4660412"]
[EventDate "2011.01.25"]
[EventType "swiss"]

1. e4 e5 2. Nf3 Nc6 3. Bb5 a6 4. Bxc6 dxc6 5. h3 Bc5 6. O-O Qd6 7. c3 Ba7 8. d4
f6 9. dxe5 fxe5 10. Qe2 Bd7 11. Na3 b5 12. Rd1 Qe6 13. Nc2 Nf6 14. Bg5 O-O 15.
Nb4 Bc5 16. Nd3 Bd6 17. Ndxe5 Be8 18. Bxf6 Rxf6 19. Ng4 Rf4 20. Re1 c5 21. Ng5
Qg6 22. g3 Rf8 23. e5 Be7 24. Qe4 Bxg5 25. Qxa8 Bc6 26. Qa7 h5 27. Nf6+ gxf6 28.
Qxc5 fxe5 29. Qxe5 Rf6 30. Rad1 Bf4 31. Rd8+ Kh7 32. Qe7+ Rf7 33. Qe6 Qxe6 34.
Rxe6 Bd6 35. Re1 Rf3 36. Kf1 h4 37. gxh4 Rxh3 38. Ke2 Rxh4 39. Rg1 Re4+ 40. Kd3
Rf4 41. Rdg8 Rxf2 42. R8g7+ Kh6 43. Rg8 Rf3+ 44. Ke2 Rf7 45. Rh8+ Rh7 46. Rxh7+
Kxh7 47. Kd3 Bc5 48. Rg5 Be7 49. Re5 Bd6 50. Re1 Kg6 51. Kd4 Kf6 52. b4 Bg3 53.
Rf1+ Ke6 54. a3 Bd5 55. Rf8 Be5+ 56. Kd3 Ke7 57. Rf5 Kd6 58. Rf8 Bg7 59. Rd8+
Kc6 60. Ra8 Kb7 61. Rd8 Bc4+ 62. Kc2 Bf6 63. Rf8 Be7 64. Re8 Bd6 65. Kb2 Bd5 66.
Rh8 a5 67. Rh5 Bc6 68. a4 axb4 69. axb5 Be8 70. Rg5 bxc3+ 71. Kxc3 Kb6 72. Kc4
Bf7+ 73. Kd4 Ba3 74. Rf5 Bb2+ 75. Ke3 Bc4 76. Kd2 Bxb5 77. Kc2 Bd4 78. Kb3 Bd7
79. Rg5 Be6+ 80. Kc2 c6 81. Kd3 Bf6 82. Rh5 Bg7 83. Rg5 Bf8 84. Ke4 Bb3 85. Rg3
Bc2+ 86. Kd4 Kb5 87. Kc3 Be4 88. Kd4 Bd5 89. Rg5 Bc5+ 90. Kc3 Bf2 91. Rf5 Bb6
92. Rh5 Ba5+ 93. Kd4 Kb4 94. Rxd5 cxd5 95. Kxd5 1/2-1/2

[Event "Gibraltar Masters"]
[Site "Caleta ENG"]
[Date "2011.02.01"]
[Round "8.86"]
[White "Schweizer, Manfred"]
[Black "Messam-Sparks, Lateefah"]
[Result "1-0"]
[WhiteElo "2075"]
[BlackElo "1904"]
[WhiteFideId "4613317"]
[BlackFideId "470813"]
[EventDate "2011.01.25"]
[EventType "swiss"]

1. Nf3 Nf6 2. g3 d5 3. Bg2 c6 4. d3 g6 5. Nbd2 Bg7 6. O-O O-O 7. e4 dxe4 8. dxe4
Re8 9. Qe2 e5 10. Rd1 Qc7 11. Nc4 Bd7 12. a4 Bg4 13. b4 Nbd7 14. h3 Bxf3 15.
Bxf3 Bf8 16. c3 b5 17. Ne3 bxa4 18. Rxa4 a5 19. Qc2 axb4 20. cxb4 Rab8 21. Nd5
Qb7 22. Nxf6+ Nxf6 23. Bg5 Nd7 24. Qa2 Qc8 25. Bg4 Rb7 26. Qd2 Re6 27. Bxe6 fxe6
28. Qa2 Qe8 29. Ra8 Qf7 30. Bh6 Qe7 31. Rxd7 1-0

[Event "Gibraltar Masters"]
[Site "Caleta ENG"]
[Date "2011.02.01"]
[Round "8.87"]
[White "Jorgensen, Line Jin"]
[Black "Havik, Victor"]
[Result "1-0"]
[WhiteElo "1892"]
[BlackElo "2107"]
[WhiteFideId "1505467"]
[BlackFideId "1506757"]
[EventDate "2011.01.25"]
[EventType "swiss"]

1. d4 Nf6 2. c4 e6 3. a3 b6 4. Nc3 Bb7 5. Nf3 Be7 6. Bg5 d5 7. e3 Nbd7 8. Rc1 c6
9. cxd5 exd5 10. Bd3 O-O 11. O-O c5 12. dxc5 bxc5 13. Qc2 Ne4 14. Bf4 Ndf6 15.
Rfd1 Qa5 16. Bxe4 dxe4 17. Ng5 Qb6 18. Ngxe4 Qe6 19. Nxf6+ Bxf6 20. Rd6 Qg4 21.
Nd5 Rfd8 22. h3 Qh5 23. Nxf6+ gxf6 24. Rxf6 Qd5 25. f3 c4 26. Rf5 Qd3 27. Rg5+
Kf8 28. Qxc4 1-0

[Event "Gibraltar Masters"]
[Site "Caleta ENG"]
[Date "2011.02.01"]
[Round "8.88"]
[White "Gillespie, Gary"]
[Black "Freuler, Roman"]
[Result "0-1"]
[WhiteElo "1848"]
[BlackElo "2092"]
[WhiteFideId "2402777"]
[BlackFideId "1304283"]
[EventDate "2011.01.25"]
[EventType "swiss"]

1. e4 c5 2. Nf3 d6 3. d4 cxd4 4. Nxd4 Nf6 5. Nc3 Nc6 6. f3 e5 7. Nb3 Be6 8. Bg5
Be7 9. Qd2 a5 10. a4 O-O 11. Bxf6 Bxf6 12. Nd5 Bg5 13. Qd1 f5 14. exf5 Bxf5 15.
Bc4 Kh8 16. O-O Ne7 17. Nxe7 Qxe7 18. Nd2 d5 19. Bb3 Bf4 20. Qe2 Bxc2 21. Kh1
Bxb3 22. Nxb3 Qb4 23. Nc1 e4 24. Ra3 Rac8 25. Na2 Qd6 26. fxe4 dxe4 27. Rd1 Qe6
28. Nc3 Rfd8 29. Nb5 Rxd1+ 30. Qxd1 Rc1 31. Qxc1 Bxc1 32. Rc3 0-1

[Event "Gibraltar Masters"]
[Site "Caleta ENG"]
[Date "2011.02.01"]
[Round "8.89"]
[White "Brown, David"]
[Black "Hamer, Martyn"]
[Result "1-0"]
[WhiteElo "1923"]
[BlackElo "2041"]
[WhiteFideId "416150"]
[BlackFideId "413160"]
[EventDate "2011.01.25"]
[EventType "swiss"]

1. e4 g5 2. d4 h6 3. Bd3 d6 4. Ne2 Nf6 5. Ng3 c5 6. dxc5 Qa5+ 7. Nd2 Qxc5 8. Nb3
Qc7 9. Nd4 Nc6 10. Nxc6 bxc6 11. O-O Bg7 12. Nh5 Nxh5 13. Qxh5 Be6 14. c3 Be5
15. h3 Kd7 16. Be2 Raf8 17. Kh1 f5 18. exf5 Bxf5 19. f4 Bf6 20. Bg4 e6 21. Bxf5
exf5 22. Qg6 Be7 23. Re1 Qd8 24. Qe6+ Ke8 25. fxg5 hxg5 26. Bxg5 Rf7 27. Qg6 Kf8
28. Bxe7+ 1-0

[Event "Gibraltar Masters"]
[Site "Caleta ENG"]
[Date "2011.02.01"]
[Round "8.91"]
[White "Salomon, Johan"]
[Black "Haga, Halvor"]
[Result "1-0"]
[WhiteElo "1836"]
[BlackElo "2024"]
[WhiteFideId "1509500"]
[BlackFideId "1507532"]
[EventDate "2011.01.25"]
[EventType "swiss"]

1. e4 g6 2. d4 Bg7 3. Nf3 c6 4. Bd3 d6 5. O-O Nd7 6. Nc3 b5 7. Ne2 Ngf6 8. Ng3
O-O 9. a4 Qa5 10. Bd2 b4 11. c3 c5 12. cxb4 cxb4 13. Qb3 Rb8 14. Bb5 a6 15. Bxd7
Bxd7 16. Rfc1 e5 17. d5 Ng4 18. h3 Nh6 19. Rc4 f5 20. Rxb4 Rxb4 21. Qxb4 Qxb4
22. Bxb4 fxe4 23. Nxe4 Rf4 24. Nfd2 Bf5 25. f3 Bxe4 26. Nxe4 Nf5 27. Bd2 Rh4 28.
Bg5 Rh5 29. g4 Rxh3 30. Kg2 1-0

[Event "Gibraltar Masters"]
[Site "Caleta ENG"]
[Date "2011.02.01"]
[Round "8.93"]
[White "Gholami, Armin"]
[Black "Obiamiwe, Paul"]
[Result "0-1"]
[WhiteElo "1779"]
[BlackElo "2015"]
[WhiteFideId "1510487"]
[BlackFideId "8500215"]
[EventDate "2011.01.25"]
[EventType "swiss"]

1. d4 d5 2. Nf3 Nf6 3. c4 e6 4. Nc3 Be7 5. Bg5 O-O 6. e3 h6 7. Bh4 b6 8. cxd5
Nxd5 9. Bxe7 Qxe7 10. Nxd5 exd5 11. Bd3 c5 12. dxc5 bxc5 13. O-O Be6 14. Rc1 Nd7
15. h3 Rfc8 16. Qe2 a5 17. Rfd1 Qf6 18. a3 Rab8 19. Rd2 c4 20. Bb1 Nc5 21. Nd4
Na4 22. f4 Rb6 23. Bc2 Nc5 24. Qf3 Rd8 25. Rcd1 Bc8 26. Qh5 Qe7 27. Qf3 Bb7 28.
g4 Re8 29. Re1 Ne6 30. Nxe6 Rxe6 31. e4 Qc5+ 32. Qe3 Qc7 33. e5 Qb6 34. Bf5
Qxe3+ 35. Rxe3 Rb6 36. Ree2 Kf8 37. Kf2 Bc6 38. h4 Rd8 39. Rd4 Rdb8 40. Rdd2 g6
41. Bb1 c3 42. Rc2 d4 43. Rc1 Rxb2 44. Bd3 Rxe2+ 45. Kxe2 Rb2+ 46. Bc2 Be4 47.
Kd1 Bf3+ 48. Ke1 Bxg4 0-1

[Event "Gibraltar Masters"]
[Site "Caleta ENG"]
[Date "2011.02.01"]
[Round "8.94"]
[White "Fomani, Medhi"]
[Black "Boesch, Heinz"]
[Result "1-0"]
[WhiteElo "2013"]
[BlackElo "1899"]
[WhiteFideId "2259435"]
[BlackFideId "4673824"]
[EventDate "2011.01.25"]
[EventType "swiss"]

1. d4 d5 2. c4 c6 3. cxd5 cxd5 4. Nc3 e6 5. Bf4 Bd6 6. Bg3 Bxg3 7. hxg3 Nf6 8.
e3 Nc6 9. Bd3 e5 10. dxe5 Nxe5 11. Bb5+ Bd7 12. Bxd7+ Qxd7 13. Nf3 Nxf3+ 14.
gxf3 Rd8 15. Rh4 O-O 16. Kf1 Qf5 17. Kg2 Rd7 18. Rf4 Qe6 19. Qd2 Rfd8 20. Rd4 a6
21. Rd1 h6 22. a3 b5 23. b4 Qc6 24. Ne2 g5 25. g4 Qe6 26. Rh1 Kg7 27. Ng3 Rh8
28. Nf5+ Kf8 29. Rxh6 Rxh6 30. Nxh6 Ng8 31. Nxg8 Kxg8 32. e4 f6 33. Rxd5 Re7 34.
Qc3 Kg7 35. Rxg5+ 1-0

[Event "Gibraltar Masters"]
[Site "Caleta ENG"]
[Date "2011.02.01"]
[Round "8.96"]
[White "Forsa, Elise"]
[Black "Marder, Simon"]
[Result "1/2-1/2"]
[WhiteElo "1726"]
[BlackElo "1990"]
[WhiteFideId "1500163"]
[BlackFideId "1704540"]
[EventDate "2011.01.25"]
[EventType "swiss"]

1. e4 Nc6 2. Nc3 e6 3. d4 d5 4. Be3 dxe4 5. Nxe4 Qd5 6. Nc3 Bb4 7. Qd2 Qa5 8.
Be2 Nge7 9. Bf3 Nd5 10. Bxd5 exd5 11. Nge2 Ne7 12. O-O O-O 13. a3 Bd6 14. f3 c6
15. Kh1 Qc7 16. Bg1 Nf5 17. Rfe1 Be6 18. Nd1 Rfe8 19. Ne3 Ne7 20. Nf1 Ng6 21.
Nfg3 Qe7 22. Bf2 Qh4 23. Nc3 Bf4 24. Qd1 h5 25. Nce2 Bc7 26. Qd2 Nf4 27. Kg1 g6
28. Nf1 Qg5 29. Nxf4 Bxf4 30. Be3 Bxe3+ 31. Qxe3 Qf5 32. Qd2 h4 33. Re5 Qf6 34.
Qf2 Kg7 35. Rae1 Rh8 36. Nd2 h3 37. g3 Rab8 38. Nb3 b6 39. Nc1 Rb7 40. Nd3 Bf5
41. Nc1 Qd6 42. Qe2 c5 43. Nb3 c4 44. Nc1 Be6 45. Qd2 Re7 46. Ne2 f6 1/2-1/2

[Event "Gibraltar Masters"]
[Site "Caleta ENG"]
[Date "2011.02.01"]
[Round "8.98"]
[White "Becking, Franz Josef"]
[Black "Birkestrand, Odd"]
[Result "1-0"]
[WhiteElo "2029"]
[BlackElo "1894"]
[WhiteFideId "4632540"]
[BlackFideId "1505548"]
[EventDate "2011.01.25"]
[EventType "swiss"]

1. d4 Nf6 2. Nf3 d5 3. Bf4 g6 4. Nc3 c6 5. Qd2 Bg7 6. e3 O-O 7. Bd3 Nbd7 8. h4
Re8 9. O-O-O Nh5 10. Bh2 f5 11. Ng5 e5 12. dxe5 Nxe5 13. Be2 Ng4 14. Bg1 Qf6 15.
f3 Nh6 16. Bf2 b5 17. e4 fxe4 18. Rdf1 exf3 19. Bxf3 Qf4 20. Nxd5 Qxd2+ 21. Kxd2
Rf8 22. Nc7 Rb8 23. Bc5 Bb7 24. Bxf8 Rxf8 25. Nce6 Ng3 26. Re1 Nhf5 27. Nxf8
Kxf8 28. Ne6+ 1-0

[Event "Gibraltar Masters"]
[Site "Caleta ENG"]
[Date "2011.02.01"]
[Round "8.99"]
[White "Reid, Vaness"]
[Black "Shepherd, Michael"]
[Result "0-1"]
[WhiteTitle "WFM"]
[WhiteElo "1841"]
[BlackElo "1999"]
[WhiteFideId "3205835"]
[BlackFideId "2401444"]
[EventDate "2011.01.25"]
[EventType "swiss"]

1. d4 e6 2. c4 b6 3. e4 Bb7 4. f3 Nh6 5. Bxh6 Qh4+ 6. g3 Qxh6 7. a3 Qe3+ 8. Be2
Nc6 9. Qd2 Qxd2+ 10. Nxd2 Nxd4 11. O-O-O c5 12. Bd3 d6 13. Ne2 Nxe2+ 14. Bxe2
O-O-O 15. Nb1 Be7 16. Nc3 a6 17. Rd3 Bf6 18. Na4 Bc6 19. Bd1 Kc7 20. Bb3 h5 21.
Rhd1 h4 22. g4 Be5 23. h3 g5 24. Nc3 b5 25. cxb5 axb5 26. Ba2 c4 0-1

[Event "Gibraltar Masters"]
[Site "Caleta ENG"]
[Date "2011.02.01"]
[Round "8.100"]
[White "Cebada Benitez, Fernando"]
[Black "Gonzalez Amaya, Millan"]
[Result "1-0"]
[WhiteElo "1997"]
[BlackElo "1817"]
[WhiteFideId "2224674"]
[BlackFideId "2262991"]
[EventDate "2011.01.25"]
[EventType "swiss"]

1. d4 Nf6 2. c4 g6 3. Nf3 Bg7 4. Nc3 d5 5. cxd5 Nxd5 6. e4 Nxc3 7. bxc3 O-O 8.
Bc4 c5 9. Be3 Nc6 10. e5 Bg4 11. O-O Qa5 12. Qb3 Bxf3 13. gxf3 cxd4 14. cxd4 Qc7
15. Rac1 Qb6 16. Qxb6 axb6 17. Rb1 Ra4 18. Bb3 Ra6 19. f4 Rd8 20. Rfd1 e6 21. d5
Na5 22. dxe6 Rxd1+ 23. Rxd1 fxe6 24. Rd8+ Kf7 25. Rd7+ Kf8 26. Bxe6 Nc6 27. Rf7+
Kg8 28. Rxb7+ Kh8 29. Rc7 1-0

[Event "Gibraltar Masters"]
[Site "Caleta ENG"]
[Date "2011.02.01"]
[Round "8.101"]
[White "Bishop, Peter"]
[Black "Lundback, Karl"]
[Result "1/2-1/2"]
[WhiteElo "1784"]
[BlackElo "1969"]
[WhiteFideId "613053"]
[BlackFideId "1716026"]
[EventDate "2011.01.25"]
[EventType "swiss"]

1. d4 Nf6 2. Nf3 e6 3. Bg5 d5 4. Nbd2 Be7 5. e3 O-O 6. Rc1 Nbd7 7. a3 Ne4 8. Bf4
f5 9. c4 c6 10. Bd3 g5 11. Be5 g4 12. Ng1 Nxe5 13. dxe5 Nc5 14. Bb1 Nd7 15. f4
Qb6 16. Qb3 Qxb3 17. Nxb3 dxc4 18. Rxc4 Nb6 19. Rc2 Nd5 20. Kf2 Bd7 21. Ne2 b6
22. Ba2 Kg7 23. g3 h5 24. Nbd4 c5 25. Nxf5+ Rxf5 26. e4 Nxf4 27. exf5 Nd3+ 28.
Ke3 Nxe5 29. fxe6 Bc6 30. Rf1 Nf3 31. Nf4 Rd8 32. Nxh5+ Kh6 33. Nf4 Ba4 34. b3
Bb5 35. Rxf3 gxf3 36. Kxf3 Bc6+ 37. Ke3 Bf6 38. Ne2 Bg5+ 39. Nf4 Bf6 40. b4 Bd4+
41. Ke2 Ba4 42. Rd2 Bb5+ 43. Kf3 Bc6+ 44. Kg4 Rg8+ 45. Kh3 Kg5 46. Bd5 Bb5 47.
Kg2 Be3 48. Nh3+ Kf6 49. Rc2 Ke5 50. Bc4 Ba4 51. Re2 Kd4 52. Ba6 Bb3 53. bxc5
bxc5 54. e7 Re8 55. Rb2 Bd5+ 56. Kf1 Rxe7 57. Nf4 Rf7 58. Ke2 1/2-1/2

[Event "Gibraltar Masters"]
[Site "Caleta ENG"]
[Date "2011.02.01"]
[Round "8.102"]
[White "Neumanova, Monika"]
[Black "Bihi, Mehdi"]
[Result "0-1"]
[WhiteElo "1712"]
[BlackElo "1936"]
[WhiteFideId "323918"]
[BlackFideId "637076"]
[EventDate "2011.01.25"]
[EventType "swiss"]

1. d4 Nf6 2. c4 e6 3. Nc3 Bb4 4. Qc2 c5 5. dxc5 Na6 6. Bg5 Nxc5 7. f3 Qa5 8. Bd2
d5 9. e3 O-O 10. Nh3 e5 11. Nxd5 Nxd5 12. cxd5 Bxh3 13. gxh3 Bxd2+ 14. Qxd2
Qxd2+ 15. Kxd2 Rfd8 16. e4 Ne6 17. h4 Nd4 18. Be2 Rac8 19. Rac1 Kf8 20. Ke3 f5
21. b3 g6 22. Rhg1 Ke7 23. f4 fxe4 24. fxe5 Nxe2 25. Kxe2 Rxc1 26. Rxc1 Rxd5 27.
Rc7+ Ke6 28. Ke3 Rxe5 29. Rxh7 Ra5 30. Rxb7 Rxa2 31. Rb4 Kf5 32. Rxe4 Re2+ 33.
Kxe2 Kxe4 34. h3 Kf4 35. Kf2 a5 36. Ke2 Kg3 37. h5 gxh5 38. Ke3 Kxh3 0-1

[Event "Gibraltar Masters"]
[Site "Caleta ENG"]
[Date "2011.02.01"]
[Round "8.103"]
[White "Henrichsen, Jens"]
[Black "Kympergr, Vojtech"]
[Result "1-0"]
[WhiteElo "1925"]
[BlackElo "1631"]
[WhiteFideId "1401858"]
[BlackFideId "326887"]
[EventDate "2011.01.25"]
[EventType "swiss"]

1. d4 Nf6 2. Nf3 g6 3. c4 Bg7 4. Nc3 O-O 5. e4 d6 6. Be2 c5 7. O-O cxd4 8. Nxd4
Nbd7 9. Be3 a6 10. Qd2 Nc5 11. f3 Re8 12. Rfd1 Rb8 13. Rac1 Bd7 14. Bf1 h5 15.
Nc2 Na4 16. Nxa4 Bxa4 17. b3 Bc6 18. Qf2 Kh7 19. e5 Ng8 20. exd6 exd6 21. Qd2
Re6 22. c5 d5 23. Nd4 Re8 24. Nxc6 bxc6 25. Bxa6 Rxe3 26. Qxe3 Bh6 27. f4 Ra8
28. Bb7 Rxa2 29. Bxc6 Qh4 30. Qg3 Qxf4 31. Qxf4 Bxf4 32. Bxd5 Bxc1 33. Rxc1 Kg7
34. c6 Ne7 35. c7 Nc8 36. Bb7 Nd6 37. c8=Q Nxc8 38. Rxc8 Ra5 39. Rd8 Kf6 40. Rd2
Ke5 41. Bf3 Rb5 42. Rd3 h4 43. h3 f6 44. Kf2 g5 45. Ke2 f5 46. Kd2 Rb4 47. Kc3
Rf4 48. Rd5+ Ke6 49. Rd4 Rxd4 50. Kxd4 Kd6 51. b4 Kc7 52. Kc5 f4 53. b5 Kc8 54.
Kc6 Kb8 55. b6 g4 56. hxg4 h3 57. gxh3 Ka8 58. Kc7# 1-0

[Event "Gibraltar Masters"]
[Site "Caleta ENG"]
[Date "2011.02.01"]
[Round "8.109"]
[White "Zaky, Tamir"]
[Black "Bauder, Herbert"]
[Result "1-0"]
[WhiteElo "1861"]
[BlackElo "2005"]
[WhiteFideId "651451"]
[BlackFideId "4685431"]
[EventDate "2011.01.25"]
[EventType "swiss"]

1. e4 c5 2. Nf3 Nc6 3. d4 cxd4 4. Nxd4 Nf6 5. Nc3 e5 6. Ndb5 d6 7. a4 a6 8. Na3
Be6 9. Bc4 Be7 10. Bd5 Bxd5 11. exd5 Nb8 12. Be3 Nbd7 13. O-O Rc8 14. Qe2 Qc7
15. f4 O-O 16. f5 Nb6 17. Qf3 Nc4 18. Nxc4 Qxc4 19. a5 Qg4 20. Ra4 Qxf3 21. Rxf3
Bd8 22. g4 Nd7 23. Ra3 Rc4 24. h3 h6 25. Rb3 Nc5 26. Bxc5 Rxc5 27. Rxb7 Bxa5 28.
b4 Rc7 29. Rxc7 Bxc7 30. Ne4 Rb8 31. Rb3 Kf8 32. h4 Ke7 33. c4 a5 34. b5 Bb6+
35. Kf1 Rc8 36. Nd2 Bc5 37. Ke2 Bb4 38. b6 Rb8 39. Ne4 Rxb6 40. g5 hxg5 41. hxg5
f6 42. gxf6+ gxf6 43. Rh3 Ra6 44. Rh7+ Kf8 45. Rb7 Bc5 46. Nxf6 a4 47. Nd7+ Kg8
48. f6 Ra8 49. f7+ Kg7 50. f8=Q+ Rxf8 51. Nxc5+ Kg6 52. Nxa4 Kf5 53. Rd7 Rf6 54.
Ke3 Kg4 55. Rg7+ Kf5 56. Nb6 Rh6 57. Nc8 Rh3+ 58. Kf2 Rh6 59. Rf7+ Ke4 60. Rd7
Kd3 61. Nxd6 e4 62. Nxe4 Kxe4 63. c5 Rf6+ 64. Ke2 Ra6 65. c6 Ra2+ 66. Kf1 Rc2
67. c7 Kf3 68. Rf7+ Ke4 69. d6 Ke5 70. Rd7 Rc1+ 71. Ke2 Rc2+ 72. Kd3 1-0

[Event "Gibraltar Masters"]
[Site "Caleta ENG"]
[Date "2011.02.01"]
[Round "8.110"]
[White "Flores Chico, Jorge"]
[Black "Siddiqui, Nida Mishraz"]
[Result "1-0"]
[WhiteElo "1999"]
[BlackElo "1738"]
[WhiteFideId "2231310"]
[BlackFideId "7800495"]
[EventDate "2011.01.25"]
[EventType "swiss"]

1. e4 e5 2. Nf3 Nc6 3. Bb5 a6 4. Bxc6 dxc6 5. d4 exd4 6. Qxd4 Qxd4 7. Nxd4 Nf6
8. O-O Bc5 9. c3 O-O 10. f3 Rd8 11. Be3 a5 12. Nd2 b5 13. Rfd1 a4 14. Kf2 Bb7
15. Nf1 Nd7 16. Nf5 Bxe3+ 17. N1xe3 Ne5 18. Rxd8+ Rxd8 19. Rd1 Rxd1 20. Nxd1 Kf8
21. Ke3 c5 22. b3 axb3 23. axb3 g6 24. Ng3 Ke7 25. Nf2 Bc8 26. Nd3 Nxd3 27. Kxd3
Be6 28. c4 c6 29. Ne2 b4 30. Nf4 Kd6 31. Nxe6 Kxe6 32. f4 f6 33. h4 h6 34. h5
gxh5 35. Ke3 f5 36. e5 Kf7 37. Kf3 Kg6 38. Kg3 Kf7 39. Kh4 Kg6 40. g3 Kf7 41.
Kxh5 Kg7 42. g4 fxg4 43. Kxg4 Kg6 44. f5+ Kg7 45. Kh5 Kh7 46. f6 Kg8 47. Kg6 h5
48. f7+ Kf8 49. Kf6 h4 50. e6 h3 51. e7# 1-0

[Event "Gibraltar Masters"]
[Site "Caleta ENG"]
[Date "2011.02.01"]
[Round "8.111"]
[White "Rough, Robert E"]
[Black "De Lillo, Michele"]
[Result "0-1"]
[WhiteElo "1742"]
[BlackElo "1964"]
[WhiteFideId "2403030"]
[BlackFideId "814504"]
[EventDate "2011.01.25"]
[EventType "swiss"]

1. e4 e6 2. d3 c5 3. g3 g6 4. Bg2 Bg7 5. Ne2 Nc6 6. O-O Nge7 7. c3 O-O 8. f4 d6
9. Nd2 b5 10. Nf3 Rb8 11. Rb1 b4 12. c4 Qa5 13. Ra1 Bd7 14. d4 cxd4 15. Nexd4
Nxd4 16. Nxd4 Qc5 17. Be3 Qxc4 18. b3 Qa6 19. Qd2 Nc6 20. Rfd1 e5 21. Bf1 Nxd4
22. Bxd4 Qb7 23. fxe5 dxe5 24. Bxa7 Qxa7+ 0-1

[Event "Gibraltar Masters"]
[Site "Caleta ENG"]
[Date "2011.02.01"]
[Round "8.112"]
[White "Rudd, Jack"]
[Black "Veiga Rodriguez, Pablo"]
[Result "1-0"]
[WhiteTitle "IM"]
[WhiteElo "2297"]
[BlackElo "1528"]
[WhiteFideId "405736"]
[BlackFideId "32016050"]
[EventDate "2011.01.25"]
[EventType "swiss"]

1. e4 c5 2. Nf3 d6 3. Nc3 Nc6 4. d4 cxd4 5. Nxd4 Nf6 6. Bc4 e6 7. Be3 Be7 8. Qe2
O-O 9. O-O-O a6 10. f4 Nxd4 11. Bxd4 e5 12. fxe5 Bg4 13. exf6 Bxe2 14. fxe7 Qxe7
15. Bxe2 b5 16. Bf3 Rac8 17. Nd5 Qd8 18. h4 Kh8 19. Kb1 Rc4 20. b3 Rc6 21. h5 h6
22. g4 Qg5 23. Be3 Qd8 24. Rhg1 Qa5 25. g5 Rfc8 26. gxh6 Rxc2 27. hxg7+ Kg8 28.
Nf6# 1-0